| 000 | 00865nam a22002057a 4500 | ||
|---|---|---|---|
| 999 |
_c7990 _d7990 |
||
| 003 | AR-CdUCM | ||
| 008 | 190321b ||||| |||| 00| 0 spa d | ||
| 040 |
_aMUNICIPALIDAD PROVINCIAL DEL CUSCO _cBIBLIOTECA MUNICIPAL DEL CUSCO |
||
| 082 |
_a512.8 / _bK73 |
||
| 100 |
_aKolmogoroy, A. N. _922573 |
||
| 245 | _aElementos de la teoría de funciones y del análisis funcional / | ||
| 260 |
_aMoscú : _b Mir, _c1972. |
||
| 300 |
_a534 paginas ; _c22 cm. |
||
| 505 | _aContenido :Elementos de la teoría de conjuntos -- Espacios métricos y topográficos -- Espacios lineales normados y topologicos -- Funcionales lineales y operadores lineales -- Elementos del calculo diferencial en espacios lineales .. | ||
| 650 |
_aAnálisis funcional _922574 |
||
| 650 |
_aFunciones _920052 |
||
| 700 |
_aVega, Carlos (traductor) _922575 |
||
| 942 |
_2ddc _cLIBROS |
||
| 945 | _arum | ||